南武線の駅 - Statistics

General Stats
  • This quiz has been taken 40 times
  • The average score is 23 of 30
Answer Stats
Answer % Correct
川崎
100%
武蔵溝ノ口
100%
府中本町
100%
武蔵小杉
97%
立川
97%
登戸
93%
尻手
90%
浜川崎
86%
武蔵中原
83%
武蔵新城
83%
分倍河原
83%
稲田堤
79%
稲城長沼
79%
西府
76%
西国立
76%
八丁畷
76%
矢向
72%
南多摩
72%
宿河原
69%
谷保
69%
鹿島田
66%
久地
66%
中野島
62%
矢川
62%
川崎新町
62%
矢野口
59%
津田山
55%
小田栄
55%
平間
52%
向河原
52%
No matching quizzes found
Score Distribution
Percent of People with Each Score
Percentile by Number Answered
Your Score History
You have not taken this quiz